000 00294nam a22001337a 4500
008 170712b xxu||||| |||| 00| 0 eng d
020 _a0442318146
041 _aeng
080 _27TH
_a030
100 _a23
101 _aenc
245 _aSCIENTIFIC ENCYCLOPEDIA
_cCONSIDINE
942 _2udc
_cBK
999 _c20265
_d20265